MARC

LEADER 00000nas a2200000 a 4500
001 ssj0000626902
003 WaSeSS
005 20200512172242.0
006 m d
007 cr n
008 990616c19989999xv ar s 0 0eng c
010 |a sn 99033572  
015 |a 019679483  |2 dnb 
016 7 |a 1474897-6  |2 DE-600 
016 7 |a 007172654  |2 Uk 
022 |l 1408-967X  |y 1408-967X 
035 |a (WaSeSS)ssj0000626902 
040 |a MH  |b eng  |c MH  |d MH  |d NN  |d MH  |d DLC  |d OCoLC  |d HEBIS  |d GBVCP  |d UKMGB  |d OCoLC  |d OCLCF  |d OCLCO  |d DEBBG  |d CU-S  |d WaSeSS 
041 0 |a eng  |a slv 
042 |a pcc 
043 |a me----- 
050 0 0 |a DR1371  |b .P67 
222 0 |a Documenta praehistorica 
245 0 0 |a Documenta praehistorica  |h [electronic resource] /  |c Univerza v Ljubljani, Filozofska fakulteta, Oddelek za arheologijo. 
246 1 |i Issue 25 for 1998 also has title presented in smaller type:  |a Poročilo o raziskovanju paleolitika, neolitika in eneolitika v Sloveniji 
260 |a Ljubljana :  |b Filozofska fakulteta, Oddelek za arheologijo,  |c 1998- 
362 0 |a 25- 
490 1 |a Neolitske študije = Neolithic studies 
506 |a License restrictions may limit access. 
546 |a In English with introductory matter and summaries also in Slovenian. 
588 |a Latest issue consulted: 34. 
650 0 |a Prehistoric peoples  |z Eurasia  |v Periodicals. 
650 7 |a Antiquities.  |2 fast  |0 (OCoLC)fst00810745 
650 7 |a Prehistoric peoples.  |2 fast  |0 (OCoLC)fst01075242 
651 0 |a Eurasia  |x Antiquities  |v Periodicals. 
651 7 |a Eurasia.  |2 fast  |0 (OCoLC)fst01245058 
655 0 |a Electronic journals. 
710 2 |a Univerza v Ljubljani.  |b Oddelek za arheologijo. 
780 0 0 |t Poročilo o raziskovanju paleolitika, neolitika in eneolitika v Sloveniji  |w (DLC) 2001248424  |w (OCoLC)47997023 
830 0 |a Neolitske študije. 
850 |a DLC  |a MH-P 
852 |x universal pattern 
853 3 3 |8 1  |a (*)  |i (year) 
856 4 0 |z Full text available from Research Library: 01/01/2006 to present  |u https://search.proquest.com/publication/2042924 
863 4 1 |8 1  |a <25>  |i <1998>  |x provisional